00508nam a22001697a 450000500170000001000150001702000260003203500140005803700090007208200130008110000190009424500290011326000450014227001110018730000210029870000190031920251118112816.0 aENG-144714 a9789385311062c700.00 aEN-128246 bDBAD a613.721 aSardesai, H.V. aLifestyle/cH.V.Sardesai aMumbaibSoniya Khare, Anand Limayec2015 aIndia Printing House, 42, G.D. Ambekar Marg, WadalabMumbaie400031k(022) 24186233minfo@iipublishers.com a343p.c21cm(pbk) aH.V.Sardesai,